000 00458nam a2200181Ia 4500
008 090124s9999 xx 000 0 und d
082 _b103700
100 _aपवार शरद
245 _a पहाट झाली
250 _a1
260 _c1951
300 _a63
600 _aपवार शरद
630 _a पहाट झाली
700 _aपवार शरद
730 _a पहाट झाली
942 _cBOOK
999 _c149792
_d149792